000 00720nam a22002413 4500
001 202095
021 _aPT
090 _a202095
100 _a20240117d u||y0pory50 ba
101 _apor
102 _aPT
200 _aContos
_fVergl̕io Ferreira
205 _a
210 _aLisboa
_cArcd̀ia
_d1976
215 _a257, [3] p.
_cencadernado
_d20 cm
225 _aObras de Vergl̕io Ferreira
300 _aContm̌ dedicatr̤ia na folha de guarda e notas do Prof. Dr. Almeida Faria na folha de n̕dice.
606 _93481
_aLiteratura Portuguesa Contos
675 _a821.134.3-3
_vPT
_zpor
700 _91045
_aFerreira
_bVergl̕io
_f1916-1996
801 _aPT
_bBMMN
_gRPC
830 _cAna Falardo
_fAna Falardo
990 _cLIVROS